000 01299cam a22003617a 4500
003 CHAP
005 20220817043941.0
008 040616d2001 mx r 00110 spa d
010 _a88520
011 _a89492
035 _a100043
040 _cCHAP
090 _aTesis
100 0 0 _aRosales, Omar
_999953
245 1 0 _aAnálisis del comportamiento de las tasas de interés y su impacto en la economía mexicana, 1982-2003
_c/por Omar Rosales
260 _aChapingo, Méx. :
_bEl autor,
_c2003.
300 _a110 h. ;
_bcuadros ; gráfs.
502 _aTesis (Lic. en Economía Agrícola) -- UACH. División de Ciencias Económico Administrativas
590 _aALEPH
_b10
_c20130110
_lUCH01
_h1459
590 _aBATCH-UPD
_b10
_c20130110
_lUCH01
_h0830
590 _aBATCH-UPD
_b10
_c20130410
_lUCH01
_h0508
590 _aBATCH-UPD
_b10
_c20130914
_lUCH01
_h1113
590 _aCONVERSION
_b10
_c20130109
_lUCH01
_h1349
650 1 4 _aCuestión monetaria.
_930120
650 1 4 _aMacroeconomía.
_969550
650 1 4 _aMéxico
_xCondiciones económicas.
650 1 4 _aTasas de interés.
_9111728
901 _aBK
905 _aAlejandra Carrasco M.
942 _cFOLL
949 _aTesis
_bBC
_cTES
_d1000431
_eTS1
_h42068
_i100043
_sb
949 _aTesis
_bBC
_cTES
_d33724000794814
_eTS2
_fc.2
_h42069
_i100043
_sb
999 _c88520
_d88520